[Event "Abe Yanofsky mem"]
[Site "Winnipeg CAN"]
[Date "2006.09.03"]
[Round "4"]
[White "Gannon, Keith"]
[Black "Araullo, Manuel"]
[Result "0-1"]
[WhiteElo "1526"]
[BlackElo "1777"]
[PlyCount "124"]
[EventDate "2006.09.03"]
[EventType "swiss"]
[EventRounds "6"]
[EventCountry "CAN"]

1. d4 d5 2. Nf3 Nf6 3. e3 e6 4. c4 c6 5. Nc3 Be7 6. cxd5 exd5 7. Be2 O-O 8. O-O
Bg4 9. Ne5 Be6 10. Re1 Nbd7 11. Nxd7 Qxd7 12. Bf3 Bb4 13. Bd2 Bg4 14. Bxg4 Nxg4
15. a3 Bxc3 16. Bxc3 Rfe8 17. h3 Nf6 18. Rc1 Ne4 19. Re2 Re6 20. Be1 Rg6 21.
Kh1 Qf5 22. f3 Ng5 23. Qc2 Qd7 24. Bh4 h6 25. Bxg5 Rxg5 26. g4 Rg6 27. f4 Re6
28. Rce1 Re4 29. Qd2 Qe7 30. Kg2 Qh4 31. Qb4 Rb8 32. Rf1 Qf6 33. Rf3 Qe6 34. f5
Qf6 35. Qe1 Qg5 36. Qf2 h5 37. Qg3 Rbe8 38. h4 Qxg4 39. Qxg4 Rxg4+ 40. Kf2 Rxh4
41. b4 a6 42. Rg3 f6 43. a4 Ree4 44. b5 axb5 45. axb5 Rh1 46. bxc6 bxc6 47. Rc2
h4 48. Rg6 Rh2+ 49. Rg2 Rxg2+ 50. Kxg2 Rxe3 51. Rxc6 Rd3 52. Rc8+ Kh7 53. Rc1
Rxd4 54. Kf2 Kh6 55. Kf3 Kh5 56. Rg1 Rd3+ 57. Kf4 Rg3 58. Rd1 d4 59. Rb1 Rg4+
60. Kf3 Kg5 61. Rb5 Rf4+ 62. Ke2 Rxf5 0-1

[Event "Abe Yanofsky mem"]
[Site "Winnipeg CAN"]
[Date "2006.09.03"]
[Round "4"]
[White "Greenberg, Harley"]
[Black "Trueman, Francis"]
[Result "1-0"]
[WhiteElo "1751"]
[BlackElo "1447"]
[PlyCount "43"]
[EventDate "2006.09.03"]
[EventType "swiss"]
[EventRounds "6"]
[EventCountry "CAN"]

1. d4 Nf6 2. c4 d6 3. Nf3 g6 4. g3 Bg7 5. Bg2 O-O 6. O-O Nfd7 7. Nc3 e5 8. e4
Nc6 9. Be3 Ne7 10. Rc1 f5 11. Qd2 c5 12. dxe5 dxe5 13. Rfd1 Qc7 14. Nd5 Nxd5
15. Qxd5+ Kh8 16. Ng5 Nf6 17. Qxc5 Qc6 18. exf5 Qe8 19. fxg6 Qxg6 20. Qd6 e4
21. Nxe4 Nxe4 22. Qxg6 1-0

[Event "Abe Yanofsky mem"]
[Site "Winnipeg CAN"]
[Date "2006.09.03"]
[Round "4"]
[White "Hanrahan, Nigel"]
[Black "Silva, T Romeo"]
[Result "1-0"]
[WhiteElo "1612"]
[BlackElo "1772"]
[PlyCount "85"]
[EventDate "2006.09.03"]
[EventType "swiss"]
[EventRounds "6"]
[EventCountry "CAN"]

1. c4 b6 2. e4 c5 3. Nc3 Bb7 4. g3 Qc7 5. Bg2 Nf6 6. d3 e6 7. Bg5 Be7 8. Nge2
a6 9. O-O d6 10. f4 h6 11. Bxf6 Bxf6 12. f5 e5 13. Nd5 Bxd5 14. cxd5 Nd7 15.
Rc1 O-O 16. h4 Rfb8 17. Qe1 Qd8 18. Kh2 a5 19. Ng1 b5 20. Nf3 Rc8 21. Nd2 Nb6
22. b3 a4 23. Qd1 b4 24. Nc4 Nxc4 25. dxc4 axb3 26. axb3 Ra2 27. Ra1 Ra3 28.
Rxa3 bxa3 29. Qa1 Ra8 30. Qa2 Qa5 31. Ra1 Qc3 32. Qb1 g5 33. fxg6 fxg6 34. Ra2
Kg7 35. Bh3 Qb4 36. Bd7 Rf8 37. Ba4 Be7 38. Qc1 Rf3 39. Rxa3 g5 40. Ra2 gxh4
41. gxh4 Bxh4 42. Rg2+ Kh8 43. Qxh6# 1-0

[Event "Abe Yanofsky mem"]
[Site "Winnipeg CAN"]
[Date "2006.09.03"]
[Round "4"]
[White "Kaptsan, Aron"]
[Black "Poustie, Harold"]
[Result "1-0"]
[WhiteElo "1947"]
[BlackElo "1430"]
[PlyCount "77"]
[EventDate "2006.09.03"]
[EventType "swiss"]
[EventRounds "6"]
[EventCountry "CAN"]

1. d4 d5 2. c4 Nf6 3. cxd5 Qxd5 4. Nc3 Qa5 5. Nf3 Nc6 6. e3 Bg4 7. Be2 Ne4 8.
Qb3 a6 9. Qxb7 Nxc3 10. Qxc6+ Kd8 11. Qxa8+ Bc8 12. Bd2 e6 13. Bxc3 Qd5 14.
Qxd5+ exd5 15. O-O Bd6 16. Rac1 f6 17. Bd3 Ke7 18. Rc2 Kf7 19. Rfc1 Re8 20. Ba5
c5 21. dxc5 Be7 22. Nd4 g6 23. b4 Kg7 24. a4 f5 25. b5 axb5 26. axb5 Kh6 27. c6
Ba3 28. b6 Bxc1 29. Rxc1 Re7 30. Rb1 Kg7 31. b7 Bxb7 32. cxb7 Re8 33. b8=Q Rxb8
34. Rxb8 Kh6 35. Ne6 Kh5 36. Rb7 Kh6 37. f4 g5 38. Bxf5 gxf4 39. exf4 1-0

[Event "Abe Yanofsky mem"]
[Site "Winnipeg CAN"]
[Date "2006.09.03"]
[Round "4"]
[White "Knight, Eugene"]
[Black "Green, Aaron"]
[Result "1-0"]
[WhiteElo "1599"]
[BlackElo "1350"]
[PlyCount "79"]
[EventDate "2006.09.03"]
[EventType "swiss"]
[EventRounds "6"]
[EventCountry "CAN"]

1. c4 Nf6 2. Nc3 g6 3. d4 Bg7 4. e4 d6 5. Nf3 Nbd7 6. h3 O-O 7. Be3 e5 8. d5 a6
9. b4 Ne8 10. Rc1 f5 11. exf5 gxf5 12. Rc2 f4 13. Bc1 Ndf6 14. Bd3 Qe7 15. Qe2
h6 16. Bxf4 Nh5 17. Bh2 Nf4 18. Bxf4 Rxf4 19. g3 Rf8 20. Ne4 Bf5 21. Nh4 Bh7
22. Qg4 Nf6 23. Nxf6+ Rxf6 24. Bxh7+ Kxh7 25. Qe4+ Kg8 26. f4 Re8 27. Nf5 Qf7
28. Nxg7 Kxg7 29. Re2 Kf8 30. O-O Kg7 31. c5 Qg6 32. Qxg6+ Rxg6 33. g4 Rf6 34.
fxe5 Rxf1+ 35. Kxf1 Rxe5 36. Rxe5 dxe5 37. Kf2 Kf6 38. h4 b6 39. Ke3 b5 40. Ke4
1-0

[Event "Abe Yanofsky mem"]
[Site "Winnipeg CAN"]
[Date "2006.09.03"]
[Round "4"]
[White "Lipnowski, Samuel"]
[Black "Baragar, Fletcher"]
[Result "1/2-1/2"]
[WhiteElo "2190"]
[BlackElo "2255"]
[PlyCount "53"]
[EventDate "2006.09.03"]
[EventType "swiss"]
[EventRounds "6"]
[EventCountry "CAN"]

1. e4 e6 2. d4 d5 3. Nc3 Bb4 4. e5 c5 5. a3 Bxc3+ 6. bxc3 Ne7 7. Qg4 Qc7 8.
Qxg7 Rg8 9. Qxh7 cxd4 10. Ne2 Nbc6 11. f4 Bd7 12. Qd3 dxc3 13. Nxc3 a6 14. Rb1
Na5 15. h4 Nf5 16. Rh3 Nc4 17. h5 O-O-O 18. Rb4 Qc5 19. h6 Rg6 20. h7 Rh8 21.
Ne4 Qg1 22. Ng5 Rg7 23. Qc3 Kb8 24. Nf3 Qa7 25. Ng5 Qg1 26. Nf3 Qa7 27. Ng5
1/2-1/2

[Event "Abe Yanofsky mem"]
[Site "Winnipeg CAN"]
[Date "2006.09.03"]
[Round "4"]
[White "Melamedoff, Gustavo"]
[Black "Curtis, Rory"]
[Result "1-0"]
[WhiteElo "1975"]
[BlackElo "1637"]
[PlyCount "45"]
[EventDate "2006.09.03"]
[EventType "swiss"]
[EventRounds "6"]
[EventCountry "CAN"]

1. e4 e5 2. Nf3 d6 3. d4 Nf6 4. Nc3 Nbd7 5. Bc4 Be7 6. O-O c6 7. a4 a5 8. dxe5
dxe5 9. Qe2 O-O 10. Rd1 Qc7 11. Bg5 Nc5 12. h3 Be6 13. Be3 Ncxe4 14. Nxe4 Nxe4
15. Bxe6 fxe6 16. Qc4 Nd6 17. Qxe6+ Kh8 18. Nxe5 Rad8 19. Qb3 Rf5 20. Bb6 Qc8
21. Bxd8 Bxd8 22. Rxd6 Rxe5 23. Qxb7 1-0

[Event "Abe Yanofsky mem"]
[Site "Winnipeg CAN"]
[Date "2006.09.03"]
[Round "4"]
[White "Nguyen, Huy"]
[Black "Wasserman, Leor"]
[Result "1-0"]
[WhiteElo "1759"]
[BlackElo "1348"]
[PlyCount "61"]
[EventDate "2006.09.03"]
[EventType "swiss"]
[EventRounds "6"]
[EventCountry "CAN"]

1. d4 d5 2. g3 Nf6 3. Nf3 e6 4. Bg2 c5 5. e3 c4 6. c3 Be7 7. Nbd2 Nc6 8. O-O
O-O 9. b3 b5 10. a4 Ba6 11. axb5 Bxb5 12. bxc4 dxc4 13. e4 Rc8 14. Re1 a6 15.
Bf1 Nb8 16. Ne5 Nfd7 17. Nexc4 Bxc4 18. Nxc4 Nb6 19. Nxb6 Qxb6 20. Qd3 Rfd8 21.
Ba3 Rd7 22. Bxe7 Rxe7 23. Reb1 Qa7 24. c4 Rd7 25. d5 Nc6 26. Qc3 exd5 27. cxd5
Ne7 28. Qd2 Ng6 29. Bh3 Ne5 30. Kg2 Nc4 31. Qc2 1-0

[Event "Abe Yanofsky mem"]
[Site "Winnipeg CAN"]
[Date "2006.09.03"]
[Round "4"]
[White "Oberton, Daniel"]
[Black "Pierre, Rolland"]
[Result "1-0"]
[WhiteElo "1816"]
[BlackElo "1566"]
[PlyCount "63"]
[EventDate "2006.09.03"]
[EventType "swiss"]
[EventRounds "6"]
[EventCountry "CAN"]

1. e4 c5 2. d4 cxd4 3. c3 Nf6 4. e5 Ne4 5. Qxd4 Nxf2 6. Qxf2 e6 7. Nf3 Qa5 8.
Bd3 Nc6 9. O-O Bc5 10. Be3 Bxe3 11. Qxe3 h6 12. Nbd2 b5 13. Ne4 O-O 14. Nf6+
Kh8 15. Qe4 g6 16. Nh4 Ne7 17. Qxa8 Kg7 18. Qf3 Qb6+ 19. Kh1 Nf5 20. Nxf5+ exf5
21. Qg3 Kh8 22. Qh4 Kg7 23. Qd4 Qe6 24. Qd5 Qb6 25. Qxb5 Qd8 26. Bc2 a6 27. Qd5
Qc7 28. Rad1 Rd8 29. Bb3 d6 30. exd6 Qa7 31. d7 Kxf6 32. Qxf7+ 1-0

[Event "Abe Yanofsky mem"]
[Site "Winnipeg CAN"]
[Date "2006.09.03"]
[Round "4"]
[White "Pottinger, Carl"]
[Black "Nikouline, Alexandre"]
[Result "0-1"]
[WhiteElo "1721"]
[BlackElo "2021"]
[PlyCount "44"]
[EventDate "2006.09.03"]
[EventType "swiss"]
[EventRounds "6"]
[EventCountry "CAN"]

1. c4 e5 2. g3 d6 3. Bg2 c6 4. d3 Be6 5. Nc3 g6 6. e4 Bg7 7. Nge2 Qd7 8. O-O
Bh3 9. f4 Bg4 10. Be3 h5 11. Qd2 h4 12. Rf2 Na6 13. Raf1 Nh6 14. f5 gxf5 15.
exf5 Nxf5 16. d4 Nxe3 17. Qxe3 Bh6 18. Qe4 f5 19. Qd3 Nb4 20. Qb1 Be3 21. a3
hxg3 22. Nxg3 Qh7 0-1

[Event "Abe Yanofsky mem"]
[Site "Winnipeg CAN"]
[Date "2006.09.03"]
[Round "4"]
[White "Repa, Jason"]
[Black "Green, Jim"]
[Result "1-0"]
[WhiteElo "1960"]
[BlackElo "1683"]
[PlyCount "78"]
[EventDate "2006.09.03"]
[EventType "swiss"]
[EventRounds "6"]
[EventCountry "CAN"]

1. f4 d5 2. e3 g6 3. Nf3 Bg7 4. Be2 Nf6 5. O-O O-O 6. Qe1 c6 7. b3 Bf5 8. Bd1
Ne4 9. Ne5 f6 10. Nf3 Bg4 11. d3 Bxf3 12. Bxf3 f5 13. c3 Nf6 14. Nd2 Qb6 15.
Bb2 Nbd7 16. c4 Nc5 17. Bd4 Ne8 18. Bxg7 Kxg7 19. Qe2 e6 20. Rfb1 Nf6 21. b4
Ncd7 22. a4 Qc7 23. d4 Rfe8 24. Qd3 Rad8 25. Qc2 Rc8 26. Rc1 Qd6 27. a5 Qf8 28.
Qb2 a6 29. Qc3 Kg8 30. Nb3 dxc4 31. Qxc4 Nd5 32. Nc5 Nxc5 33. bxc5 Qg7 34. Qe2
g5 35. fxg5 Qxg5 36. e4 Nf4 37. Qc2 Rc7 38. Kh1 Rg7 39. Rg1 Nh3 1-0

[Event "Abe Yanofsky mem"]
[Site "Winnipeg CAN"]
[Date "2006.09.03"]
[Round "4"]
[White "Rumpel, Chris"]
[Black "Boron, Anthony"]
[Result "0-1"]
[WhiteElo "1657"]
[BlackElo "1966"]
[PlyCount "72"]
[EventDate "2006.09.03"]
[EventType "swiss"]
[EventRounds "6"]
[EventCountry "CAN"]

1. d4 d5 2. c4 e5 3. dxe5 d4 4. Nf3 Nc6 5. e3 Bb4+ 6. Bd2 dxe3 7. fxe3 Bg4 8.
Be2 Nge7 9. a3 Bxd2+ 10. Nbxd2 Ng6 11. O-O O-O 12. Qb3 Ncxe5 13. Rad1 Qe7 14.
Ne4 b6 15. Qc3 Rae8 16. Rde1 Nc6 17. Nfd2 Bxe2 18. Rxe2 Nce5 19. Ng3 c5 20. Nf5
Qd8 21. e4 Qd3 22. Re3 Qxc3 23. Rxc3 Rd8 24. Nf3 Rfe8 25. Nxe5 Rxe5 26. Ng3 Rd4
27. Re1 Nf4 28. Rf3 g5 29. b3 Rd2 30. Rf2 Rxf2 31. Kxf2 Nd3+ 32. Ke2 Nxe1 33.
Kxe1 h5 34. Nxh5 Rxe4+ 35. Kf2 Rd4 36. Ke3 Rd1 0-1

[Event "Abe Yanofsky mem"]
[Site "Winnipeg CAN"]
[Date "2006.09.03"]
[Round "4"]
[White "Rutter, Blair"]
[Black "Remillard, John"]
[Result "1-0"]
[WhiteElo "1803"]
[BlackElo "1599"]
[PlyCount "55"]
[EventDate "2006.09.03"]
[EventType "swiss"]
[EventRounds "6"]
[EventCountry "CAN"]

1. c4 g6 2. g3 Bg7 3. Bg2 Nc6 4. Nc3 e6 5. e4 Nge7 6. Nge2 Ne5 7. d3 O-O 8. h3
f5 9. f4 N5c6 10. O-O Nd4 11. Be3 Nec6 12. e5 Nxe2+ 13. Qxe2 d6 14. d4 dxe5 15.
dxe5 Qe7 16. Rfd1 Nd8 17. Qf2 Rf7 18. Bxa7 Bf8 19. Be3 c6 20. Rd3 Bd7 21. Rad1
Qe8 22. Qd2 Bb4 23. Rxd7 Bxc3 24. bxc3 Kf8 25. Bc5+ Kg7 26. Rxd8 Rxd8 27. Qxd8
Qxd8 28. Rxd8 1-0

[Event "Abe Yanofsky mem"]
[Site "Winnipeg CAN"]
[Date "2006.09.03"]
[Round "4"]
[White "Schulz, Waldemar"]
[Black "Klokow, John"]
[Result "1-0"]
[WhiteElo "2064"]
[BlackElo "1741"]
[PlyCount "53"]
[EventDate "2006.09.03"]
[EventType "swiss"]
[EventRounds "6"]
[EventCountry "CAN"]

1. d4 d5 2. c4 dxc4 3. Nc3 e5 4. dxe5 Qxd1+ 5. Nxd1 Nc6 6. Bf4 Nge7 7. e3 Be6
8. Rc1 Ng6 9. Nf3 b5 10. Be2 Be7 11. O-O O-O 12. Nc3 a6 13. Rfd1 Rfd8 14. Bg3
h6 15. e4 Rxd1+ 16. Rxd1 Kf8 17. Nd5 Bd8 18. h4 Bg4 19. e6 fxe6 20. h5 Bxh5 21.
Nxc7 Bxc7 22. Bxc7 Nce5 23. Nxe5 Bxe2 24. Nxg6+ Kf7 25. Ne5+ Kf6 26. Rd2 Bh5
27. Nf3 1-0

[Event "Abe Yanofsky mem"]
[Site "Winnipeg CAN"]
[Date "2006.09.03"]
[Round "4"]
[White "Sigurdson, Matthew"]
[Black "Kwiatek, Jordan"]
[Result "0-1"]
[WhiteElo "1244"]
[BlackElo "1811"]
[PlyCount "80"]
[EventDate "2006.09.03"]
[EventType "swiss"]
[EventRounds "6"]
[EventCountry "CAN"]

1. e4 e5 2. f4 d5 3. exd5 e4 4. Nc3 Nf6 5. Bb5+ c6 6. dxc6 Nxc6 7. Nge2 Bc5 8.
b3 O-O 9. Bxc6 bxc6 10. Bb2 a5 11. d3 Qe7 12. Qd2 exd3 13. cxd3 Be3 14. Qc2 Re8
15. Bc1 Ng4 16. Bxe3 Nxe3 17. Qb2 Nxg2+ 18. Kd2 Qe3+ 19. Kc2 Bf5 20. Rad1 Rad8
21. Kb1 Rxd3 22. Ka1 Nxf4 23. Nxf4 Rxc3 24. Ng2 Qc5 25. Qe2 Be6 26. Ne3 Qxe3
27. Qb2 Bd5 28. Rhg1 f6 29. Rg3 Bf3 30. Qb1 Qe5 31. Qb2 Bxd1 32. Rxc3 a4 33.
Qd2 axb3 34. axb3 Qe2 35. Qd6 Ra8+ 36. Kb1 Qa2+ 37. Kc1 Qa1+ 38. Kd2 Qb2+ 39.
Kd3 Qe2+ 40. Kd4 Qe5+ 0-1

[Event "Abe Yanofsky mem"]
[Site "Winnipeg CAN"]
[Date "2006.09.03"]
[Round "4"]
[White "Vlaovic, George"]
[Black "Vincent, Trevor"]
[Result "0-1"]
[WhiteElo "2295"]
[BlackElo "2070"]
[PlyCount "64"]
[EventDate "2006.09.03"]
[EventType "swiss"]
[EventRounds "6"]
[EventCountry "CAN"]

1. e4 c5 2. Nc3 Nc6 3. g3 g6 4. Bg2 Bg7 5. f4 e6 6. Nf3 Nge7 7. O-O O-O 8. d3
d6 9. Ne2 e5 10. h3 f5 11. Kh2 h6 12. c3 Be6 13. Be3 b6 14. Qd2 Kh7 15. b4 c4
16. exf5 Nxf5 17. Bf2 cxd3 18. Qxd3 Qc7 19. g4 Nfe7 20. Bg3 Bd5 21. fxe5 dxe5
22. Nfd4 Nxd4 23. Rxf8 Rxf8 24. Nxd4 Bxg2 25. Ne6 Qb7 26. Nxf8+ Bxf8 27. Bxe5
Qd5 28. Qg3 Nc6 29. Bc7 Be4 30. a4 Bg7 31. Qe3 Ne5 32. Kg3 Nd3 0-1

[Event "Abe Yanofsky mem"]
[Site "Winnipeg CAN"]
[Date "2006.09.03"]
[Round "4"]
[White "Wood, Nathan"]
[Black "Cleto, Sam"]
[Result "0-1"]
[WhiteElo "1579"]
[BlackElo "1802"]
[PlyCount "120"]
[EventDate "2006.09.03"]
[EventType "swiss"]
[EventRounds "6"]
[EventCountry "CAN"]

1. e4 c5 2. Nf3 d6 3. d4 cxd4 4. Nxd4 Nf6 5. Nc3 e6 6. Be3 a6 7. Be2 Be7 8. Qd2
O-O 9. O-O-O Nc6 10. Nb3 b5 11. Bf3 Bb7 12. Be2 Qc7 13. f4 Rac8 14. Bf3 Na5 15.
Kb1 Nc4 16. Qe2 Rfe8 17. Bf2 Bf8 18. h4 e5 19. f5 Nd7 20. g4 Ndb6 21. Bxb6 Nxb6
22. g5 Nc4 23. f6 Nxb2 24. fxg7 Qxc3 25. gxf8=Q+ Rxf8 26. Rd3 Nxd3 27. Qxd3
Rfe8 28. Qxc3 Rxc3 29. Rf1 Rec8 30. Rf2 Kg7 31. Kb2 Re3 32. Nd2 a5 33. Be2 b4
34. Bd3 a4 35. Nc4 Rxc4 36. Bxc4 Bxe4 37. Rxf7+ Kg6 38. Rf6+ Kh5 39. Rxd6 Rc3
40. Rh6+ Kg4 41. Be2+ Kf4 42. Rf6+ Kg3 43. Bd1 a3+ 44. Kb1 b3 45. axb3 Rxb3+
46. Ka2 Rc3 47. Rh6 Bd5+ 48. Ka1 Rc7 49. h5 Rb7 50. Rd6 Rb5 51. g6 a2 52. Rxd5
Rxd5 53. Be2 hxg6 54. hxg6 e4 55. Kxa2 Rg5 56. c4 Rxg6 57. Kb3 Kf2 58. Bd1 e3
59. c5 Rg1 60. Bh5 Rg5 0-1

[Event "Abe Yanofsky mem"]
[Site "Winnipeg CAN"]
[Date "2006.09.03"]
[Round "5"]
[White "Araullo, Manuel"]
[Black "Rumpel, Chris"]
[Result "1-0"]
[WhiteElo "1777"]
[BlackElo "1657"]
[PlyCount "77"]
[EventDate "2006.09.03"]
[EventType "swiss"]
[EventRounds "6"]
[EventCountry "CAN"]

1. d4 Nf6 2. Nf3 g6 3. Bg5 Bg7 4. e3 O-O 5. Bd3 d6 6. O-O Nbd7 7. Nbd2 e5 8.
Ne4 Re8 9. Nxf6+ Nxf6 10. Bc4 e4 11. Nd2 d5 12. Bb3 Qd6 13. Bf4 Qd8 14. c4 c6
15. Be5 Ng4 16. Bg3 h5 17. h3 h4 18. Bf4 Nh6 19. cxd5 g5 20. Bh2 cxd5 21. Qh5
Be6 22. Rac1 g4 23. Bc7 Qd7 24. Bf4 Kh7 25. Rc7 Qd8 26. Rfc1 gxh3 27. Bg5 Qd6
28. Bf4 Qd8 29. Nxe4 dxe4 30. Bxe6 Rxe6 31. Rxf7 Rg6 32. Rcc7 Qg8 33. Rxg7+
Qxg7 34. Rxg7+ Kxg7 35. Qe5+ Kf8 36. Qc5+ Kg8 37. Qd5+ Kf8 38. Bd6+ Ke8 39.
Qxe4+ 1-0

[Event "Abe Yanofsky mem"]
[Site "Winnipeg CAN"]
[Date "2006.09.03"]
[Round "5"]
[White "Baragar, Fletcher"]
[Black "Repa, Jason"]
[Result "1/2-1/2"]
[WhiteElo "2255"]
[BlackElo "1960"]
[PlyCount "32"]
[EventDate "2006.09.03"]
[EventType "swiss"]
[EventRounds "6"]
[EventCountry "CAN"]

1. d4 e6 2. c4 Nf6 3. Nf3 b6 4. g3 Ba6 5. Nbd2 b5 6. cxb5 Bxb5 7. Bg2 d5 8. O-O
c5 9. dxc5 Bxc5 10. b4 Be7 11. a4 Ba6 12. b5 Bb7 13. a5 Nbd7 14. a6 Bc8 15. Nd4
Nb8 16. N2f3 O-O 1/2-1/2

[Event "Abe Yanofsky mem"]
[Site "Winnipeg CAN"]
[Date "2006.09.03"]
[Round "5"]
[White "Bince, Rolando"]
[Black "Hanrahan, Nigel"]
[Result "1-0"]
[WhiteElo "1894"]
[BlackElo "1612"]
[PlyCount "161"]
[EventDate "2006.09.03"]
[EventType "swiss"]
[EventRounds "6"]
[EventCountry "CAN"]

1. c4 c5 2. Nc3 g6 3. g3 Bg7 4. Bg2 Nc6 5. Nf3 Nf6 6. d3 O-O 7. O-O d6 8. e4
Rb8 9. Bd2 a6 10. a4 h6 11. Qc1 Kh7 12. Nd5 Nd7 13. Bc3 f6 14. Ra3 e6 15. Nf4
Nde5 16. Rd1 Nxf3+ 17. Bxf3 Nd4 18. Bxd4 cxd4 19. b4 g5 20. Nh5 e5 21. g4 Be6
22. h3 Qe7 23. Qd2 b5 24. cxb5 axb5 25. a5 Ra8 26. Rc1 Rfc8 27. Raa1 Qb7 28.
Rxc8 Rxc8 29. Rc1 Rxc1+ 30. Qxc1 Qc8 31. Qxc8 Bxc8 32. Bd1 Kg8 33. Bb3+ Kf8 34.
Bd5 Ba6 35. Kf1 Bc8 36. Ke2 Ba6 37. Kd2 Bc8 38. f3 Ba6 39. Kc2 Bc8 40. Kb3 Ba6
41. Ng3 Ke8 42. Nh5 Bh8 43. Ng3 Bg7 44. Nf1 Kd7 45. Nd2 Bf8 46. Nb1 Kc7 47. Na3
Be7 48. Kc2 Bd8 49. Kd2 Kd7 50. Ke2 Bc7 51. Kf2 Ke7 52. Bc6 Bxa5 53. bxa5 b4
54. Nc4 Bxc4 55. dxc4 b3 56. Ba4 b2 57. Bc2 Kd8 58. Ke2 Kc7 59. Kd2 Kb7 60. Bd3
b1=Q 61. Bxb1 Ka6 62. Kc2 Kxa5 63. Kb3 Kb6 64. Kb4 Kc6 65. Bc2 Kb6 66. Ba4 d3
67. Kc3 d2 68. Kb4 Ka6 69. Bd1 Kb6 70. Be2 Kc6 71. Kc3 Kc5 72. Kxd2 Kb4 73. Kc2
Ka4 74. Kc3 Ka3 75. Bd1 Ka2 76. Kb4 Kb2 77. Kb5 Kc3 78. Be2 Kd2 79. Bf1 Ke1 80.
Kc6 Kxf1 81. Kxd6 1-0

[Event "Abe Yanofsky mem"]
[Site "Winnipeg CAN"]
[Date "2006.09.03"]
[Round "5"]
[White "Boron, Anthony"]
[Black "Schulz, Waldemar"]
[Result "1/2-1/2"]
[WhiteElo "1966"]
[BlackElo "2064"]
[PlyCount "76"]
[EventDate "2006.09.03"]
[EventType "swiss"]
[EventRounds "6"]
[EventCountry "CAN"]

1. d4 d5 2. Nf3 Nf6 3. e3 g6 4. Nbd2 Bg7 5. c4 O-O 6. Be2 c5 7. dxc5 Qa5 8. O-O
Qxc5 9. Nb3 Qd6 10. cxd5 Qxd5 11. Nbd4 e5 12. Nb5 Nc6 13. Qa4 Qe4 14. Qa3 Rd8
15. Bd2 Bf8 16. Qc3 Bb4 17. Qc1 Bf5 18. Bxb4 Qxb4 19. a3 Qe7 20. Qc4 Rac8 21.
Qh4 Kg7 22. h3 Nd5 23. Qa4 Nb6 24. Qh4 Qxh4 25. Nxh4 Bd3 26. Bxd3 Rxd3 27. Nc3
Nc4 28. Na4 b6 29. Rac1 N4a5 30. Nf3 Rdd8 31. Rfd1 Rxd1+ 32. Rxd1 Kf6 33. g4 h6
34. Nd2 Ke6 35. b4 Nb7 36. Nb3 Ne7 37. f4 Rd8 38. Rc1 Rc8 1/2-1/2

[Event "Abe Yanofsky mem"]
[Site "Winnipeg CAN"]
[Date "2006.09.03"]
[Round "5"]
[White "Cleto, Sam"]
[Black "Pottinger, Carl"]
[Result "1/2-1/2"]
[WhiteElo "1802"]
[BlackElo "1721"]
[PlyCount "119"]
[EventDate "2006.09.03"]
[EventType "swiss"]
[EventRounds "6"]
[EventCountry "CAN"]

1. e4 c5 2. Nf3 d6 3. c3 g6 4. Be2 Bg7 5. O-O Nf6 6. d3 O-O 7. h3 Nc6 8. Re1
Ne8 9. Nbd2 e5 10. Nf1 f5 11. Bg5 Nf6 12. exf5 Bxf5 13. Qb3+ Kh8 14. Ne3 Na5
15. Qa3 Be6 16. c4 Nc6 17. Nd5 Qd7 18. Nxf6 Bxf6 19. Bxf6+ Rxf6 20. Kh2 h6 21.
Qc3 Raf8 22. Qd2 Kh7 23. Rf1 Qf7 24. Kg1 Bxh3 25. gxh3 Rxf3 26. Bxf3 Qxf3 27.
Qe3 Qh5 28. Qg3 Rf4 29. Rae1 Nd4 30. Re3 Ne2+ 31. Rxe2 Qxe2 32. Qg2 Qf3 33. Re1
Qxg2+ 34. Kxg2 g5 35. Kg3 h5 36. Re3 Kg6 37. f3 Kf5 38. Re1 Rd4 39. Re3 d5 40.
b3 dxc4 41. bxc4 h4+ 42. Kf2 Kf4 43. a3 Kf5 44. Kf1 a6 45. a4 b5 46. axb5 axb5
47. cxb5 Rb4 48. Re2 Rxb5 49. Rc2 Rb3 50. Ke2 Rb5 51. Ke3 Rb1 52. Rxc5 Rh1 53.
d4 Rxh3 54. Rxe5+ Kf6 55. Kf2 Rh2+ 56. Kg1 Rd2 57. Re4 Kf5 58. Rg4 Rd3 59. Kg2
h3+ 60. Kxh3 1/2-1/2

[Event "Abe Yanofsky mem"]
[Site "Winnipeg CAN"]
[Date "2006.09.03"]
[Round "5"]
[White "Curtis, Rory"]
[Black "Wasserman, Leor"]
[Result "1-0"]
[WhiteElo "1637"]
[BlackElo "1348"]
[PlyCount "65"]
[EventDate "2006.09.03"]
[EventType "swiss"]
[EventRounds "6"]
[EventCountry "CAN"]

1. d4 d5 2. c4 e6 3. cxd5 exd5 4. Nc3 Nf6 5. Bg5 Be7 6. e3 O-O 7. Bd3 Be6 8.
Nge2 c5 9. Rc1 cxd4 10. Nxd4 Nc6 11. Nxe6 fxe6 12. O-O Nb4 13. Bb1 h6 14. Bxf6
Bxf6 15. a3 Nc6 16. Qd3 Kf7 17. Qg6+ Ke7 18. e4 d4 19. Nd5+ exd5 20. exd5 Qxd5
21. Rfe1+ Kd6 22. Bf5 Qf7 23. Qg3+ Be5 24. Rxc6+ Kxc6 25. Qxe5 Qxf5 26. Rc1+
Kb6 27. Qd6+ Kb5 28. a4+ Kxa4 29. Qa3+ Kb5 30. Qb3+ Ka6 31. Ra1+ Qa5 32. Qc4+
Kb6 33. Qe6+ 1-0

[Event "Abe Yanofsky mem"]
[Site "Winnipeg CAN"]
[Date "2006.09.03"]
[Round "5"]
[White "Gibbons, Lorne"]
[Black "Wood, Nathan"]
[Result "0-1"]
[WhiteElo "1339"]
[BlackElo "1579"]
[PlyCount "99"]
[EventDate "2006.09.03"]
[EventType "swiss"]
[EventRounds "6"]
[EventCountry "CAN"]

1. d4 Nf6 2. c4 g6 3. Nc3 Bg7 4. Bf4 O-O 5. Nf3 c5 6. e4 cxd4 7. Nxd4 d6 8. e5
Nh5 9. Bg3 dxe5 10. Nf3 Qxd1+ 11. Nxd1 Nc6 12. Rc1 e4 13. Nd2 f5 14. f3 f4 15.
Bh4 e3 16. Ne4 Nf6 17. Bd3 Nb4 18. Bc2 Nxc2+ 19. Rxc2 Nxe4 20. fxe4 Bg4 21. O-O
Rf7 22. Nc3 h6 23. h3 Be6 24. b3 g5 25. Be1 Bd4 26. Ne2 Bc5 27. h4 Raf8 28. b4
Bd6 29. Nd4 Bg4 30. hxg5 hxg5 31. Nf3 Rg7 32. Bc3 Rg6 33. e5 Bc7 34. Bd4 Bxf3
35. Rxf3 Rf5 36. Bxe3 Rxe5 37. Bc1 g4 38. Rf1 Re4 39. a3 g3 40. Bb2 Rh6 41. c5
Re3 42. Rd2 e5 43. Rfd1 Rh7 44. Bc1 Rc3 45. Re1 e4 46. Bb2 Rc4 47. Red1 f3 48.
Bd4 Bf4 49. gxf3 Bxd2 50. Rxd2 0-1

[Event "Abe Yanofsky mem"]
[Site "Winnipeg CAN"]
[Date "2006.09.03"]
[Round "5"]
[White "Green, Aaron"]
[Black "Gannon, Keith"]
[Result "1/2-1/2"]
[WhiteElo "1350"]
[BlackElo "1526"]
[PlyCount "94"]
[EventDate "2006.09.03"]
[EventType "swiss"]
[EventRounds "6"]
[EventCountry "CAN"]

1. e4 d6 2. d4 Nf6 3. Nc3 e6 4. Nf3 Be7 5. Be3 Nbd7 6. Bd3 Ng4 7. Bd2 O-O 8. h3
Ngf6 9. Qe2 c5 10. d5 Ne5 11. Nxe5 dxe5 12. dxe6 Bxe6 13. Bc4 Bxc4 14. Qxc4 Qd4
15. Qe2 Qd7 16. O-O-O Rfd8 17. Be3 Qc6 18. f3 c4 19. Kb1 b5 20. Qf2 a5 21.
Rxd8+ Bxd8 22. Qd2 Bc7 23. Nd5 Nxd5 24. Qxd5 Qxd5 25. exd5 Bd6 26. Rd1 f6 27.
c3 Kf7 28. Kc2 b4 29. g4 h6 30. h4 Rb8 31. cxb4 axb4 32. b3 cxb3+ 33. axb3 Rc8+
34. Kd2 g5 35. h5 Ra8 36. Kd3 Ra5 37. Kc4 Ke7 38. Rf1 Kd7 39. Rd1 Ra8 40. Rc1
Rc8+ 41. Kd3 Rf8 42. Ke4 Ra8 43. Kd3 Ra3 44. Kc4 Ra2 45. Kd3 Rb2 46. Kc4 Re2
47. Kd3 Rb2 1/2-1/2

[Event "Abe Yanofsky mem"]
[Site "Winnipeg CAN"]
[Date "2006.09.03"]
[Round "5"]
[White "Green, Jim"]
[Black "Adol, Deng"]
[Result "0-1"]
[WhiteElo "1683"]
[BlackElo "1785"]
[PlyCount "76"]
[EventDate "2006.09.03"]
[EventType "swiss"]
[EventRounds "6"]
[EventCountry "CAN"]

1. e4 e5 2. Nf3 d6 3. Nc3 a6 4. g3 h6 5. Bg2 Nc6 6. O-O Bg4 7. Ne2 g5 8. d4 Bg7
9. d5 Nce7 10. c4 Qd7 11. Qb3 Rb8 12. Nc3 f5 13. Nd2 f4 14. f3 Bh3 15. Rf2 h5
16. Kf1 fxg3 17. hxg3 Bxg2+ 18. Rxg2 g4 19. Qd1 Bh6 20. Ke1 Be3 21. Nf1 Bxc1
22. Rxc1 Rh7 23. fxg4 hxg4 24. Rh2 Rxh2 25. Nxh2 Nf6 26. Rc2 Kf7 27. Rf2 Rg8
28. Kd2 Rg6 29. Qf1 Kg7 30. Qe2 Neg8 31. Nf1 Nh6 32. Rh2 Qe7 33. Rh4 Nfg8 34.
Qh2 Qg5+ 35. Ne3 Rf6 36. Ke2 Rf3 37. Nf5+ Nxf5 38. Rh7+ Kf8 0-1